| 000 | 01641nam a22002057a 4500 | ||
|---|---|---|---|
| 005 | 20220209151657.0 | ||
| 008 | 220209b ||||| |||| 00| 0 eng d | ||
| 020 | _a9780141031484 | ||
| 040 | _cAL | ||
| 041 | _aeng | ||
| 082 |
_223 _a332.6 _bTALF |
||
| 100 |
_aNassim Nicholas Taleb _918690 |
||
| 245 |
_aFooled by Randomness _bThe Hidden role of chance in life and in the Markets |
||
| 260 |
_aNew York _bPenguin Books _c2007 |
||
| 300 |
_axlvi,316p. _bPB _c19.4X12.5cm. |
||
| 365 |
_2General _a5605 _b₹479.00 _c₹ _d₹599.00 _e20% _f01-02-2022 |
||
| 520 | _aEveryone wants to succeed in life. But what causes some of us to be more successful than others? Is it really down to skill and strategy - or something altogether more unpredictable? This book is the bestselling sensation that will change the way you think about business and the world. It is all about luck: more precisely, how we perceive luck in our personal and professional experiences. Nowhere is this more obvious than in the markets - we hear an entrepreneur has 'vision' or a trader is 'talented', but all too often their performance is down to chance rather than skill. It is only because we fail to understand probability that we continue to believe events are non-random, finding reasons where none exist. 'One of the smartest books of all time' Fortune 'An iconoclastic tour de force ... nothing escapes his Exocets' Evening Standard 'Brilliant' John Kay 'Excellent and thought-provoking ... an entertaining book' Financial Times 'Wall Street's principal dissident' Malcolm Gladwell | ||
| 650 |
_2Investment _aInvestment Management _918691 |
||
| 942 |
_2ddc _cBK |
||
| 999 |
_c221455 _d221455 |
||